Well built Mycenae : the Helleno-British excavations within the citadel at Mycenae, 1959-1969 /
Presenting results of excavations in the 'Cult Centre' area at Mycenae, the Tsountas House Area contains two buildings and multiple access ramps. This study is essential for understanding the conception and function of Mycenaean religious space and the socio-political development of cult.
المؤلف الرئيسي:
التنسيق: كتاب الكتروني
اللغة: English
منشور في:
Oxford :
Archaeopress Publishing Ltd,
2022.
الموضوعات:
الوصول للمادة أونلاين: Login to view Source
الوسوم: إضافة وسم
رقم الطلب: DF221.M9
| LEADER | 01928nam a2200397 i 4500 | ||
|---|---|---|---|
| 001 | EDZ0002826385 | ||
| 003 | StDuBDS | ||
| 005 | 20230412183311.0 | ||
| 006 | m|||||o||d|||||||| | ||
| 007 | cr ||||||||||| | ||
| 008 | 220506s2022 enka fob 000|0|eng|d | ||
| 020 | |a 9781803271552 (PDF ebook) : |c No price | ||
| 040 | |a StDuBDS |b eng |c StDuBDS |e rda |e pn | ||
| 050 | 4 | |a DF221.M9 | |
| 082 | 0 | 4 | |a 938.8 |2 23 |
| 100 | 1 | |a Shelton, Kim S., |e author. | |
| 245 | 1 | 0 | |a Well built Mycenae : |b the Helleno-British excavations within the citadel at Mycenae, 1959-1969 / |c W.D. Taylour, E.B. French, K.A. Wardle. Fascicule 14, Tsountas House Area / Kim S. Shelton. |
| 246 | 3 | 0 | |a Tsountas House Area |
| 264 | 1 | |a Oxford : |b Archaeopress Publishing Ltd, |c 2022. | |
| 300 | |a 1 online resource (128 pages) : |b illustrations (black and white) | ||
| 336 | |a text |2 rdacontent | ||
| 336 | |a still image |2 rdacontent | ||
| 337 | |a computer |2 rdamedia | ||
| 338 | |a online resource |2 rdacarrier | ||
| 500 | |a Also issued in print: 2022. | ||
| 504 | |a Includes bibliographical references. | ||
| 520 | 8 | |a Presenting results of excavations in the 'Cult Centre' area at Mycenae, the Tsountas House Area contains two buildings and multiple access ramps. This study is essential for understanding the conception and function of Mycenaean religious space and the socio-political development of cult. | |
| 521 | |a Specialized. | ||
| 588 | |a Description based on online resource; title from PDF title page (viewed on July 4, 2022). | ||
| 650 | 0 | |a Excavations (Archaeology) |z Greece |z Mycenae (Extinct city) | |
| 651 | 0 | |a Mycenae (Extinct city) |x Antiquities. | |
| 776 | 0 | 8 | |i Print version : |z 9781803271545 |
| 856 | 4 | 0 | |3 Archaeopress |u http://library.arce.org:8087/Archaeopress/Products/9781803271545 |
| 942 | |2 lcc |c EBOOK | ||
| 952 | |0 0 |1 0 |4 0 |6 DF0221 M9 |7 1 |9 46933 |a ARCH |b ARCH |d 2023-04-12 |l 0 |o DF221.M9 |r 2023-04-12 00:00:00 |w 2023-04-12 |y EBOOK | ||
| 999 | |c 52591 |d 52591 | ||
